[Event "Manchester (Women)"]
[Site "Manchester"]
[Date "2015.11.21"]
[Round "6"]
[White "Ghader Pour, Shayesteh"]
[Black "Tilenbaeva, Janyl"]
[Result "1-0"]
[WhiteElo "2198"]
[BlackElo "2018"]
[PlyCount "107"]
[EventDate "2015.11.19"]
[EventType "tourn"]
[EventRounds "10"]
[EventCountry "USA"]
[SourceTitle "CBM 169 Extra"]
[Source "ChessBase"]
[SourceDate "2015.12.18"]
[SourceVersion "1"]
[SourceVersionDate "2015.12.18"]
[SourceQuality "1"]

1. e4 c6 2. d4 d5 3. Nd2 dxe4 4. Nxe4 h6 5. Ng3 Nf6 6. Bc4 e6 7. Nf3 Bd6 8. 0-0 Nbd7 9. Bb3 Nf8 10. Qe2 Ng6 11. Ne5 Ne7 12. Qf3 Qc7 13. Nc4 Ned5 14. Nxd6+ Qxd6 15. c4 Ne7 16. Rd1 a5 17. Bf4 Qd7 18. Be5 Ng6 19. Bxf6 gxf6 20. Nh5 Qe7 21. Nxf6+ Kf8 22. Bc2 Nh4 23. Qf4 Nf5 24. Ne4 b6 25. Qe5 Rg8 26. Nf6 Rg7 27. Nh5 Rg8 28. Bxf5 exf5 29. Qf4 Rg6 30. Rac1 Qe4 31. Qxe4 fxe4 32. Ng3 f5 33. d5 Ra7 34. Nh5 Rc7 35. Nf4 Rg4 36. g3 Ke8 37. b3 Rcg7 38. Kf1 Rc7 39. Ke2 Rgg7 40. Ke3 Rgf7 41. d6 Ra7 42. c5 b5 43. Ng6 Rf6 44. Ne5 Bd7 45. Kf4 a4 46. b4 Ra6 47. a3 Kd8 48. f3 exf3 49. Nxf3 Ra7 50. Ne5 Be8 51. Rc3 Rg7 52. d7 Bxd7 53. Rcd3 Rg4+ 54. Kf3 1-0

[Event "Asia-chT (Women) 08th"]
[Site "Tabriz"]
[Date "2014.05.27"]
[Round "5.1"]
[White "Ghader Pour, Shayesteh"]
[Black "Padmini, Rout"]
[Result "1/2-1/2"]
[WhiteElo "2196"]
[BlackElo "2354"]
[PlyCount "35"]
[EventDate "2014.05.22"]
[EventType "team-tourn"]
[EventRounds "5"]
[EventCountry "IRI"]
[SourceTitle "CBM 160 Extra"]
[Source "ChessBase"]
[SourceDate "2014.07.01"]
[SourceVersion "1"]
[SourceVersionDate "2014.07.01"]
[SourceQuality "1"]
[WhiteTeam "Iran (W)"]
[BlackTeam "India (W)"]
[WhiteTeamCountry "IRI"]
[BlackTeamCountry "IND"]

1. e4 c5 2. Nf3 d6 3. Bb5+ Nd7 4. 0-0 a6 5. Bd3 Ngf6 6. Re1 b5 7. c4 b4 8. Bc2 e5 9. a3 bxa3 10. bxa3 g6 11. Nc3 Bg7 12. d3 0-0 13. Bd2 Nh5 14. Bg5 Bf6 15. Bh6 Bg7 16. Bg5 Bf6 17. Bh6 Bg7 18. Bg5 1/2-1/2

[Event "IRI-ch (Women)"]
[Site "Rasht"]
[Date "2013.12.08"]
[Round "11"]
[White "Ghader Pour, Shayesteh"]
[Black "Hakimifard, Ghazal"]
[Result "0-1"]
[WhiteElo "2223"]
[BlackElo "2238"]
[PlyCount "90"]
[EventDate "2013.11.30"]
[EventType "swiss"]
[EventRounds "11"]
[EventCountry "IRI"]
[SourceTitle "CBM 157 Extra"]
[Source "ChessBase"]
[SourceDate "2013.12.19"]
[SourceVersion "1"]
[SourceVersionDate "2013.12.19"]
[SourceQuality "1"]

1. e4 Nc6 2. Nf3 d6 3. d4 Nf6 4. c3 g6 5. Bd3 Bg7 6. 0-0 0-0 7. h3 e5 8. Re1 a6 9. Nbd2 Nh5 10. Nb3 Kh8 11. Bf1 Qe8 12. g3 f5 13. exf5 gxf5 14. dxe5 dxe5 15. Nbd4 Nxd4 16. cxd4 e4 17. Bd2 Be6 18. Ne5 Rd8 19. Be2 Rxd4 20. Bxh5 Qd8 21. Nf3 exf3 22. Rxe6 Rxd2 23. Qxf3 f4 24. g4 Bd4 25. Re2 Rd3 26. Qe4 f3 27. Rc2 Qd6 28. Kh1 Be5 29. Re1 Rd1 30. Rc1 Rxc1 31. Rxc1 Bxb2 32. Re1 Bc3 33. Rf1 Qd2 34. Qe7 Qf4 35. Qh4 Be5 36. Qg3 Qg5 37. h4 Qf6 38. Qh3 c5 39. g5 Qf4 40. Rd1 c4 41. g6 c3 42. g7+ Bxg7 43. Qg4 c2 44. Rg1 Qxg4 45. Bxg4 Bb2 0-1

[Event "Los Angeles op 10th"]
[Site "Los Angeles"]
[Date "2013.10.11"]
[Round "1"]
[White "Ghader Pour, Shayesteh"]
[Black "Ivanov, Aleksandr Y"]
[Result "0-1"]
[WhiteElo "2237"]
[BlackElo "2094"]
[PlyCount "84"]
[EventDate "2013.10.11"]
[EventType "swiss"]
[EventRounds "5"]
[EventCountry "USA"]
[SourceTitle "EXT 2015"]
[Source "ChessBase"]
[SourceDate "2014.11.20"]
[SourceVersion "1"]
[SourceVersionDate "2014.11.20"]
[SourceQuality "1"]

1. e4 c6 2. d4 d5 3. Nd2 dxe4 4. Nxe4 Nd7 5. Ng5 Ngf6 6. Bc4 e6 7. N5f3 Nb6 8. Bb3 h6 9. Nh3 c5 10. 0-0 c4 11. Bxc4 Nxc4 12. b3 Nd6 13. Bb2 b6 14. Nf4 Bb7 15. Ne5 Be7 16. Re1 0-0 17. Qe2 Nf5 18. Rad1 Qc7 19. Ned3 Kh8 20. Ne5 Rac8 21. c4 Bb4 22. Rf1 Rce8 23. Rc1 Bd6 24. Nfd3 Kh7 25. f3 Rd8 26. Qf2 Nd7 27. f4 Nf6 28. Rfd1 Be7 29. Ne1 Ne4 30. Qe2 f6 31. N5f3 Qxf4 32. Nc2 Bd6 33. Rd3 Kh8 34. Nce1 Ng5 35. Rc2 Be4 36. Bc1 Bxd3 37. Qxd3 Nxf3+ 38. Nxf3 Qg4 39. Re2 e5 40. d5 Bc5+ 41. Kh1 Nd4 42. Re4 Qh5 0-1

[Event "Asia zt 3.1 (Women)"]
[Site "Doha"]
[Date "2013.05.10"]
[Round "7"]
[White "Al Khelaifi, Salama"]
[Black "Ghader Pour, Shayesteh"]
[Result "0-1"]
[WhiteElo "1810"]
[BlackElo "2242"]
[PlyCount "74"]
[EventDate "2013.05.04"]
[EventType "tourn"]
[EventRounds "9"]
[EventCountry "QAT"]
[SourceTitle "CBM 154 Extra"]
[Source "ChessBase"]
[SourceDate "2013.06.25"]
[SourceVersion "2"]
[SourceVersionDate "2013.06.25"]
[SourceQuality "1"]

1. e4 c5 2. b4 cxb4 3. a3 bxa3 4. Nxa3 d6 5. d4 Nf6 6. Bd3 Nc6 7. c3 g6 8. f4 d5 9. e5 Ng8 10. Nf3 Bf5 11. Bxf5 gxf5 12. Ng5 h5 13. e6 fxe6 14. Nb5 Qc8 15. 0-0 Nf6 16. Nxe6 Kf7 17. Re1 a6 18. Nbc7 Rb8 19. Ng5+ Kg8 20. Nce6 Rh6 21. Qb3 b5 22. Ba3 a5 23. Bc5 a4 24. Qa2 Qd7 25. Nxf8 Rxf8 26. Re6 Kg7 27. Rae1 Ne4 28. Rxh6 Kxh6 29. Qe2 Nxc3 30. Qd3 b4 31. Re6+ Kg7 32. Qh3 Qe8 33. Qg3 Rg8 34. Qd3 Rf8 35. Qa6 Rf6 36. Bxe7 Rxe6 37. Nxe6+ Kg8 0-1

[Event "World-ch (Women) k.o."]
[Site "Khanty-Mansiysk"]
[Date "2012.11.11"]
[Round "1.1"]
[White "Ghader Pour, Shayesteh"]
[Black "Cramling, Pia"]
[Result "0-1"]
[WhiteElo "2219"]
[BlackElo "2516"]
[PlyCount "132"]
[EventDate "2012.11.11"]
[EventType "k.o."]
[EventRounds "6"]
[EventCountry "RUS"]
[SourceTitle "CBM 152"]
[Source "ChessBase"]
[SourceDate "2013.01.15"]
[SourceVersion "1"]
[SourceVersionDate "2013.01.15"]
[SourceQuality "1"]

1. e4 c5 2. Nf3 e6 3. Nc3 a6 4. g3 b5 5. Bg2 Bb7 6. d3 d6 7. 0-0 Be7 8. e5 dxe5 9. Nxe5 Bxg2 10. Kxg2 Nf6 11. Qf3 Ra7 12. a4 b4 13. Ne4 0-0 14. Be3 Rc7 15. Nxf6+ Bxf6 16. Nc4 Qd5 17. Bf4 Rb7 18. Bxb8 Rfxb8 19. Rae1 b3 20. c3 Rd7 21. Rd1 Rbd8 22. Nb6 Qxf3+ 23. Kxf3 Rxd3+ 24. Ke2 R3d6 25. Rxd6 Rxd6 26. Nc4 Rd8 27. Rd1 Rxd1 28. Kxd1 Kf8 29. Ke2 Ke7 30. Kd3 Kd7 31. Nd2 Kc6 32. Kc4 Be7 33. Nxb3 f5 34. Nc1 g5 35. Nd3 Bd6 36. b4 cxb4 37. Nxb4+ Kb6 38. Nc2 Kc6 39. Nd4+ Kd7 40. Nf3 g4 41. Nd4 h6 42. Nb3 Kc6 43. Nd4+ Kd7 44. f4 Be7 45. Nb3 Kc6 46. Nd4+ Kd7 47. Nc2 Kc6 48. Nb4+ Kb6 49. Nd3 Kc6 50. Ne5+ Kc7 51. Nf7 h5 52. Ne5 Kb6 53. Ng6 Bd6 54. Kd4 Ka5 55. c4 Kb4 56. Nh8 Bf8 57. Nf7 Bg7+ 58. Kd3 Bf6 59. Ng5 e5 60. Nf7 exf4 61. gxf4 h4 62. Ke3 Kxa4 63. Nd6 Kb4 64. Nxf5 a5 65. Nd6 a4 66. Kd3 a3 0-1

[Event "GER-chT Federal Cup (Women)"]
[Site "Braunfels"]
[Date "2012.06.10"]
[Round "5.2"]
[White "Ghader Pour, Shayesteh"]
[Black "Schulze, Dorothee"]
[Result "1-0"]
[WhiteElo "2241"]
[BlackElo "2008"]
[PlyCount "31"]
[EventDate "2012.06.07"]
[EventType "team-swiss"]
[EventRounds "5"]
[EventCountry "GER"]
[SourceTitle "CBM 149 Extra"]
[Source "ChessBase"]
[SourceDate "2012.08.24"]
[SourceVersion "1"]
[SourceVersionDate "2012.08.24"]
[SourceQuality "1"]
[WhiteTeam "Hamburg (W)"]
[BlackTeam "Niedersachsen (W)"]
[WhiteTeamCountry "GER"]
[BlackTeamCountry "GER"]

1. e4 c5 2. Nf3 Nc6 3. Bb5 Nf6 4. Nc3 Qc7 5. 0-0 a6 6. Bxc6 bxc6 7. e5 Nd5 8. Ne4 e6 9. c4 Nf4 10. d4 Ng6 11. dxc5 Nxe5 12. Bf4 Nxf3+ 13. Qxf3 Qa7 14. Nd6+ Bxd6 15. Bxd6 h5 16. Qg3 1-0

[Event "GER-chT Federal Cup (Women)"]
[Site "Braunfels"]
[Date "2012.06.08"]
[Round "3.2"]
[White "Zimmer, Elke"]
[Black "Ghader Pour, Shayesteh"]
[Result "0-1"]
[WhiteElo "1967"]
[BlackElo "2241"]
[PlyCount "30"]
[EventDate "2012.06.07"]
[EventType "team-swiss"]
[EventRounds "5"]
[EventCountry "GER"]
[SourceTitle "CBM 149 Extra"]
[Source "ChessBase"]
[SourceDate "2012.08.24"]
[SourceVersion "1"]
[SourceVersionDate "2012.08.24"]
[SourceQuality "1"]
[WhiteTeam "Saarland (W)"]
[BlackTeam "Hamburg (W)"]
[WhiteTeamCountry "GER"]
[BlackTeamCountry "GER"]

1. e4 c5 2. f4 d5 3. e5 h5 4. Nf3 Nh6 5. d4 e6 6. Bd3 cxd4 7. Nxd4 Ng4 8. Nf3 Bc5 9. Bb5+ Bd7 10. Bxd7+ Nxd7 11. Nd4 Qh4+ 12. g3 Qh3 13. c3 Nxh2 14. Kf2 h4 15. Qg1 hxg3+ 0-1

[Event "Asia-chT (Women) final 7th"]
[Site "Zaozhuang"]
[Date "2012.05.25"]
[Round "8.3"]
[White "Wang, Jue"]
[Black "Ghader Pour, Shayesteh"]
[Result "1-0"]
[WhiteElo "2364"]
[BlackElo "2241"]
[PlyCount "61"]
[EventDate "2012.05.17"]
[EventType "team-swiss"]
[EventRounds "9"]
[EventCountry "CHN"]
[SourceTitle "CBM 148 Extra"]
[Source "ChessBase"]
[SourceDate "2012.06.22"]
[SourceVersion "1"]
[SourceVersionDate "2012.06.22"]
[SourceQuality "1"]
[WhiteTeam "China (W) II"]
[BlackTeam "Iran (W)"]
[WhiteTeamCountry "CHN"]
[BlackTeamCountry "IRI"]

1. e4 c5 2. Nf3 d6 3. d4 cxd4 4. Nxd4 Nf6 5. Nc3 a6 6. Be3 e5 7. Nb3 Be6 8. f4 exf4 9. Bxf4 Nc6 10. Qe2 Be7 11. h3 Nd7 12. Qd2 Nce5 13. 0-0-0 0-0 14. Kb1 Qc7 15. g4 b5 16. Qg2 Rfc8 17. Nd5 Bxd5 18. exd5 Nb6 19. g5 Nbc4 20. Bd3 a5 21. Bc1 Bf8 22. h4 g6 23. h5 Qb6 24. hxg6 hxg6 25. Be4 Bg7 26. Nd4 b4 27. Qh3 Kf8 28. Qh7 Nd3 29. Ne6+ fxe6 30. Rxd3 Na3+ 31. Rxa3 1-0

[Event "Asia-chT (Women) final 7th"]
[Site "Zaozhuang"]
[Date "2012.05.23"]
[Round "6.3"]
[White "Sachdev, Tania"]
[Black "Ghader Pour, Shayesteh"]
[Result "1/2-1/2"]
[WhiteElo "2417"]
[BlackElo "2241"]
[PlyCount "47"]
[EventDate "2012.05.17"]
[EventType "team-swiss"]
[EventRounds "9"]
[EventCountry "CHN"]
[SourceTitle "CBM 148 Extra"]
[Source "ChessBase"]
[SourceDate "2012.06.22"]
[SourceVersion "1"]
[SourceVersionDate "2012.06.22"]
[SourceQuality "1"]
[WhiteTeam "India (W)"]
[BlackTeam "Iran (W)"]
[WhiteTeamCountry "IND"]
[BlackTeamCountry "IRI"]

1. d4 Nf6 2. c4 e6 3. Nf3 d5 4. Nc3 Be7 5. Bf4 0-0 6. e3 b6 7. cxd5 Nxd5 8. Nxd5 Qxd5 9. a3 c5 10. Be2 Bb7 11. dxc5 Qxc5 12. 0-0 Rd8 13. Qb1 Nc6 14. b4 Qf5 15. Qxf5 exf5 16. Rac1 Rac8 17. Rfd1 a6 18. Nd2 b5 19. Nb3 Rxd1+ 20. Rxd1 Rd8 21. Rc1 Rc8 22. Rd1 Rd8 23. Rc1 Rc8 24. Rd1 1/2-1/2

[Event "Asia-chT (Women) final 7th"]
[Site "Zaozhuang"]
[Date "2012.05.18"]
[Round "2.3"]
[White "Ghader Pour, Shayesteh"]
[Black "Bayarmaa, Bayarjargal"]
[Result "1-0"]
[WhiteElo "2241"]
[BlackElo "2009"]
[PlyCount "61"]
[EventDate "2012.05.17"]
[EventType "team-swiss"]
[EventRounds "9"]
[EventCountry "CHN"]
[SourceTitle "CBM 148 Extra"]
[Source "ChessBase"]
[SourceDate "2012.06.22"]
[SourceVersion "1"]
[SourceVersionDate "2012.06.22"]
[SourceQuality "1"]
[WhiteTeam "Iran (W)"]
[BlackTeam "Mongolia (W)"]
[WhiteTeamCountry "IRI"]
[BlackTeamCountry "MGL"]

1. e4 c5 2. Nf3 d6 3. d4 cxd4 4. Nxd4 Nf6 5. Nc3 a6 6. Bc4 e6 7. 0-0 b5 8. Bb3 b4 9. Na4 Nxe4 10. Re1 d5 11. Bf4 Qf6 12. Nxe6 fxe6 13. Bxd5 Nxf2 14. Qd2 Bd7 15. Qxf2 Be7 16. Bxa8 0-0 17. Nc5 Qxf4 18. Qxf4 Bxc5+ 19. Qe3 Rc8 20. Be4 Ba4 21. Rad1 Bxe3+ 22. Rxe3 g6 23. Red3 Nc6 24. Rd6 Kf7 25. Rd7+ Kf6 26. Rxh7 Ne5 27. Rf1+ Kg5 28. g3 Rd8 29. Rf4 Rd1+ 30. Kf2 Ng4+ 31. Ke2 1-0

[Event "Basel Hilton op 14th"]
[Site "Basel"]
[Date "2012.01.04"]
[Round "6"]
[White "Ghader Pour, Shayesteh"]
[Black "Dann, Matthias"]
[Result "0-1"]
[WhiteElo "2242"]
[BlackElo "2381"]
[PlyCount "66"]
[EventDate "2012.01.01"]
[EventType "swiss"]
[EventRounds "7"]
[EventCountry "SUI"]
[SourceTitle "CBM 146 Extra"]
[Source "ChessBase"]
[SourceDate "2012.02.29"]
[SourceVersion "1"]
[SourceVersionDate "2012.02.29"]
[SourceQuality "1"]

1. e4 e6 2. d4 d5 3. Nd2 Nc6 4. Ngf3 Nf6 5. e5 Nd7 6. Be2 f6 7. exf6 Qxf6 8. Nf1 Bd6 9. Ne3 0-0 10. 0-0 Qg6 11. Re1 Nf6 12. c4 Bd7 13. c5 Bf4 14. Nc2 Ne4 15. Bb5 Nxf2 16. Kxf2 Bxh2 17. Re3 Qg3+ 18. Kf1 a6 19. Bxc6 Bxc6 20. Ke2 Qxg2+ 21. Kd3 Bf4 22. Ne5 Bxe3 23. Bxe3 Be8 24. Qg1 Bg6+ 25. Nxg6 Qe4+ 26. Kd2 hxg6 27. Re1 Rf3 28. Qh2 Raf8 29. Nb4 g5 30. Nd3 g4 31. Qe2 g3 32. Bg1 g2 33. Be3 Rxe3 0-1

[Event "Basel Hilton op 14th"]
[Site "Basel"]
[Date "2012.01.04"]
[Round "5"]
[White "Lekic, Dusan"]
[Black "Ghader Pour, Shayesteh"]
[Result "1/2-1/2"]
[WhiteElo "2402"]
[BlackElo "2242"]
[PlyCount "39"]
[EventDate "2012.01.01"]
[EventType "swiss"]
[EventRounds "7"]
[EventCountry "SUI"]
[SourceTitle "CBM 146 Extra"]
[Source "ChessBase"]
[SourceDate "2012.02.29"]
[SourceVersion "1"]
[SourceVersionDate "2012.02.29"]
[SourceQuality "1"]

1. d4 Nf6 2. c4 e6 3. Nc3 Bb4 4. e3 c5 5. Bd3 0-0 6. Nf3 d5 7. 0-0 Nc6 8. a3 Bxc3 9. bxc3 Qc7 10. Bb2 Re8 11. h3 Na5 12. cxd5 exd5 13. Ne5 Nc4 14. Nxc4 dxc4 15. Bc2 b5 16. Re1 Bb7 17. f3 a5 18. e4 cxd4 19. Qxd4 Rad8 20. Qf2 1/2-1/2

[Event "Basel Hilton op 14th"]
[Site "Basel"]
[Date "2012.01.02"]
[Round "3"]
[White "Heimann, Andreas"]
[Black "Ghader Pour, Shayesteh"]
[Result "1-0"]
[WhiteElo "2459"]
[BlackElo "2242"]
[PlyCount "93"]
[EventDate "2012.01.01"]
[EventType "swiss"]
[EventRounds "7"]
[EventCountry "SUI"]
[SourceTitle "CBM 146 Extra"]
[Source "ChessBase"]
[SourceDate "2012.02.29"]
[SourceVersion "1"]
[SourceVersionDate "2012.02.29"]
[SourceQuality "1"]

1. e4 c5 2. Nf3 e6 3. d4 cxd4 4. Nxd4 a6 5. c4 Nf6 6. Nc3 Qc7 7. a3 d6 8. Be2 Be7 9. Be3 Nbd7 10. 0-0 b6 11. Rc1 Bb7 12. f3 0-0 13. Qd2 Rac8 14. b4 Rfe8 15. Rfd1 Qb8 16. Nb3 Bd8 17. Bf4 Ne5 18. Bxe5 dxe5 19. c5 Kh8 20. Na4 b5 21. Nb6 Bxb6 22. cxb6 h6 23. Rxc8 Rxc8 24. Qd6 Kg8 25. Nc5 Qxd6 26. Rxd6 Rb8 27. a4 Kf8 28. a5 Ke7 29. Rd2 Bc8 30. Kf2 Ne8 31. f4 f6 32. fxe5 fxe5 33. Bd1 Nd6 34. Bb3 Ra8 35. Rxd6 Kxd6 36. b7 Bxb7 37. Nxb7+ Kc7 38. Nc5 Kb8 39. Bxe6 Ka7 40. Bd5 Rd8 41. Ke3 Rd6 42. Nd3 Rg6 43. g3 Rg5 44. Kf3 Rg6 45. Nxe5 Rf6+ 46. Ke2 h5 47. h4 1-0

[Event "IRI-ch (Women)"]
[Site "Tehran"]
[Date "2011.12.13"]
[Round "5"]
[White "Bagheri, Taleghani Nadia"]
[Black "Ghader Pour, Shayesteh"]
[Result "0-1"]
[WhiteElo "1847"]
[BlackElo "2252"]
[PlyCount "70"]
[EventDate "2011.11.12"]
[EventType "tourn"]
[EventRounds "12"]
[EventCountry "IRI"]
[SourceTitle "EXT 2024"]
[Source "ChessBase"]
[SourceDate "2023.10.10"]
[SourceVersion "1"]
[SourceVersionDate "2023.10.10"]
[SourceQuality "1"]

1. e4 c5 2. Nf3 d6 3. d4 cxd4 4. Nxd4 Nf6 5. Nc3 a6 6. Bg5 e6 7. Qf3 Nbd7 8. 0-0-0 Qc7 9. Be2 b5 10. Rhe1 b4 11. Nd5 exd5 12. exd5 Ne5 13. Bxf6 gxf6 14. Qxf6 Rg8 15. Bh5 Bg7 16. Qf4 Kf8 17. Ne6+ Bxe6 18. dxe6 Rc8 19. Re2 f6 20. Qxb4 Ke7 21. f4 Nc4 22. b3 Qa5 23. Qxa5 Nxa5 24. Rd5 Nb7 25. Bf3 Rc5 26. Rxc5 Nxc5 27. b4 Na4 28. c4 Rc8 29. Rc2 f5 30. Bb7 Rb8 31. Bxa6 Rxb4 32. a3 Rb3 33. Bb5 Rxa3 34. Bxa4 Rxa4 35. c5 dxc5 0-1

[Event "IRI-ch (Women)"]
[Site "Tehran"]
[Date "2011.12.12"]
[Round "4"]
[White "Ghader Pour, Shayesteh"]
[Black "Azadvari, Zahra"]
[Result "1-0"]
[WhiteElo "2252"]
[BlackElo "1860"]
[PlyCount "89"]
[EventDate "2011.11.12"]
[EventType "tourn"]
[EventRounds "12"]
[EventCountry "IRI"]
[SourceTitle "EXT 2024"]
[Source "ChessBase"]
[SourceDate "2023.10.10"]
[SourceVersion "1"]
[SourceVersionDate "2023.10.10"]
[SourceQuality "1"]

1. c4 e5 2. Nc3 Nc6 3. g3 g6 4. Bg2 Bg7 5. e3 d6 6. Nge2 Nge7 7. b3 Bf5 8. a3 a5 9. d4 Qc8 10. 0-0 h5 11. d5 Nb8 12. h4 Na6 13. e4 Bd7 14. Be3 Ng8 15. Qd2 Nh6 16. f3 b6 17. Nb5 Qb7 18. b4 axb4 19. axb4 f6 20. Ra4 Nf7 21. Rfa1 0-0 22. Nec3 Rfe8 23. R1a3 Bc8 24. Rxa6 Rxa6 25. Rxa6 Qxa6 26. Nxc7 Qa1+ 27. Kh2 Re7 28. Bxb6 Bh6 29. Qc2 g5 30. Ne2 Qa3 31. Qb1 gxh4 32. gxh4 Rxc7 33. Bxc7 Qe3 34. Qf1 Qb3 35. b5 Qxc4 36. b6 Ba6 37. Ng3 Qa2 38. Qe1 Bf4 39. Kh1 Bd2 40. Qg1 Qb3 41. Nf5 Kf8 42. Qa1 Qb5 43. Bf1 Qb3 44. Qxa6 Qxf3+ 45. Bg2 1-0

[Event "Asia zt 3.1 (Women)"]
[Site "Sharjah"]
[Date "2011.07.05"]
[Round "1"]
[White "Ghader Pour, Shayesteh"]
[Black "Hakimifard, Ghazal"]
[Result "1/2-1/2"]
[WhiteElo "2246"]
[BlackElo "2197"]
[PlyCount "55"]
[EventDate "2011.07.05"]
[EventType "swiss"]
[EventRounds "9"]
[EventCountry "UAE"]
[SourceTitle "CBM 143 Extra"]
[Source "ChessBase"]
[SourceDate "2011.08.29"]
[SourceVersion "1"]
[SourceVersionDate "2011.08.29"]
[SourceQuality "1"]

1. d4 Nf6 2. c4 e6 3. Nf3 b6 4. g3 Bb7 5. Bg2 Be7 6. 0-0 0-0 7. d5 exd5 8. Nh4 c6 9. cxd5 Nxd5 10. Nf5 Nc7 11. e4 d5 12. Nc3 Bf6 13. exd5 cxd5 14. Bf4 Nba6 15. Re1 Bc8 16. Nd6 Be6 17. Nxd5 Bxd5 18. Bxd5 Nxd5 19. Qxd5 Bxb2 20. Rad1 Nc5 21. Re8 Rxe8 22. Qxf7+ Kh8 23. Qc4 Qf6 24. Nf7+ Kg8 25. Nh6+ Kh8 26. Nf7+ Kg8 27. Nh6+ Kh8 28. Nf7+ 1/2-1/2

[Event "Asia-ch (Women)"]
[Site "Mashhad"]
[Date "2011.05.07"]
[Round "6"]
[White "Nadirjanova, Nodira"]
[Black "Ghader Pour, Shayesteh"]
[Result "1-0"]
[WhiteElo "2171"]
[BlackElo "2241"]
[PlyCount "137"]
[EventDate "2011.05.02"]
[EventType "swiss"]
[EventRounds "9"]
[EventCountry "IRI"]
[SourceTitle "CBM 142 Extra"]
[Source "ChessBase"]
[SourceDate "2011.06.27"]
[SourceVersion "1"]
[SourceVersionDate "2011.06.27"]
[SourceQuality "1"]

1. d4 Nf6 2. c4 e6 3. Nc3 Bb4 4. Nf3 b6 5. Bg5 Bb7 6. Nd2 h6 7. Bh4 c5 8. d5 Bxc3 9. bxc3 d6 10. e4 Qe7 11. Be2 Nbd7 12. f3 Nf8 13. Qa4+ Qd7 14. Qb3 g5 15. Bf2 Ng6 16. a4 Qc7 17. Rb1 Nd7 18. a5 Ke7 19. g3 Rhb8 20. axb6 axb6 21. 0-0 Ra5 22. Ra1 Rba8 23. Rxa5 bxa5 24. Ra1 Qb6 25. Qxb6 Nxb6 26. Rb1 Ra6 27. Nb3 Nd7 28. Nxa5 Rxa5 29. Rxb7 Ra4 30. Be3 Nge5 31. h4 gxh4 32. gxh4 h5 33. Bg5+ f6 34. Bh6 Ra8 35. Bf4 Ng6 36. Bg3 e5 37. Bf1 Ra3 38. Bh3 Ngf8 39. Be1 Ra4 40. Bd2 Ra1+ 41. Kf2 Ra2 42. Ke3 Ra1 43. Bf5 Rf1 44. Ke2 Rh1 45. Be1 Ke8 46. Ra7 Nb6 47. Rg7 Nxc4 48. Bc8 Rh2+ 49. Bf2 Nb6 50. Ba6 Rh1 51. Bb5+ Kd8 52. Be1 Rh2+ 53. Kd1 Nbd7 54. c4 Ra2 55. Bd2 Ra1+ 56. Ke2 Ra2 57. Rg8 Ke7 58. Rh8 Kf7 59. Kd3 Ra3+ 60. Ke2 Ra2 61. Rxh5 Nb6 62. Kd1 Nc8 63. Bh6 Kg6 64. Be8+ Kh7 65. Bxf8+ Kg8 66. Bh6 Ne7 67. Bd7 Kf7 68. Bc1 Kg7 69. Bf5 1-0

[Event "Asia-ch (Women)"]
[Site "Mashhad"]
[Date "2011.05.03"]
[Round "2"]
[White "Muminova, Nafisa"]
[Black "Ghader Pour, Shayesteh"]
[Result "1-0"]
[WhiteElo "2357"]
[BlackElo "2241"]
[PlyCount "71"]
[EventDate "2011.05.02"]
[EventType "swiss"]
[EventRounds "9"]
[EventCountry "IRI"]
[SourceTitle "CBM 142 Extra"]
[Source "ChessBase"]
[SourceDate "2011.06.27"]
[SourceVersion "1"]
[SourceVersionDate "2011.06.27"]
[SourceQuality "1"]

1. e4 c5 2. Nf3 e6 3. d4 cxd4 4. Nxd4 a6 5. Bd3 Bc5 6. Nb3 Ba7 7. Qe2 d6 8. Nc3 Ne7 9. Be3 e5 10. 0-0-0 Be6 11. f4 Bxe3+ 12. Qxe3 exf4 13. Qxf4 Nbc6 14. Be2 Ne5 15. Nd4 N7g6 16. Qd2 Qd7 17. Nxe6 Qxe6 18. Qxd6 Qxd6 19. Rxd6 Rc8 20. g3 Ne7 21. Rhd1 0-0 22. Rb6 Rc7 23. Nd5 Rd7 24. Bf1 Nc8 25. Rb3 b5 26. Rc3 Nd6 27. Rc7 Rfd8 28. Bh3 Rxc7 29. Nxc7 Nec4 30. b3 Ne5 31. Nxa6 Nc6 32. Nc5 Ne8 33. Rxd8 Nxd8 34. Bd7 Nc7 35. Kd2 Kf8 36. Kc3 1-0